000 00962nam a2200301 i 4500
003 EG-GICUC
005 20260401110107.0
008 260401s1994 ne ||fr|||| 000 0 eng d
020 _a0792329686
040 _aEG-GiCUC
_beng
_cEG-GiCUC
_dEG-GiCUC
_erda
041 0 _aeng
082 0 4 _221
_a341.48
_bHU
092 0 4 _221
099 _aLaw1 11 341.48 HU 1994
245 0 0 _aHuman Rights And Judicial Review :
_bA Comparative Perspective /
_cEdited By David M. Beatty.
264 1 _aDordrech :
_bMartinus Nijhoff,
_c1994.
300 _a361 pages,
_c24 cm.
336 _2rda content
_atext
337 _2rda media
_aComputer
338 _2rda carrier
_aOnline Resource
504 _aIncludes bibliographical references and index.
546 _aText in English
650 1 4 _aPublic international law
700 1 _aBeatty, David M
_eeditor.
856 4 0 _uhttps://fll.law.cu.edu.eg/fulltext/bks/B11-08874.pdf
905 _a48
942 _2ddc
_cBK
_e21
_n0
999 _c68071
_d68071